Animated Inanimate Battle Characters Quiz - Statistics

General Stats
  • This quiz has been taken 113 times
    112 since last reset
  • The average score is 38 of 62
Answer Stats
Team Character % Correct
Host Oodle
87%
1 Glowstick
85%
1 Album
79%
5 Pitchfork
77%
4 Alef
76%
3 Bone
74%
4 Nabla
73%
Co-Host Tivo
73%
2 Can
71%
1 Coconut
71%
1 Pill
71%
1 Bacon
69%
1 Blanket
69%
2 Jelly
69%
5 Fireball
68%
6 Raisin
68%
1 Flaggy
66%
5 Pear
66%
2 Popsicle Stick
66%
2 Sock
66%
2 Yarn
66%
5 Antimatter
65%
6 Orange Food Dye
65%
3 Teabag
65%
6 Yellow Food Dye
65%
5 Domino
63%
1 Roe
63%
2 Safe
63%
3 Telescope
63%
2 Bouncy Ball
61%
1 Candle
61%
1 Chocolate Chip
61%
4 Glue
61%
6 Nacho
61%
4 Leek
60%
5 Apricot
58%
4 Frisbee
58%
6 Glove
58%
3 Farty
56%
4 Ketchup
56%
3 Salami
56%
5 Creamy
55%
4 Envelope
55%
2 Chalk
53%
6 Package
53%
6 Shot Put
53%
6 Showery
53%
4 Whoopee Cushion
53%
6 Glassy
52%
5 Gold Nugget
52%
2 Hailstone
52%
3 Mitten
52%
3 Nine
52%
4 Toothpick
52%
2 Brain
50%
2 Hanger
50%
4 Lyre
50%
3 Recycling Bin
50%
3 Brick
48%
5 Chip Bag
48%
3 Cork
48%
5 Filmy
47%
No matching quizzes found
Score Distribution
Percent of People with Each Score
Percentile by Number Answered
Your Score History
You have not taken this quiz since the last reset